Ligníncelulózové suroviny a ich deriváty v oblasti textilného zošľachťovania /

Guardado en:
Detalles Bibliográficos
Autor principal: Hodul, Pavol (Autor)
Formato: Libro
Publicado: Bratislava : SVŠT v Bratislave, 1990
Etiquetas: Agregar Etiqueta
Sin Etiquetas, Sea el primero en etiquetar este registro!

MARC

LEADER 00000nam a22000003a 4500
001 stu16839
005 20150617225754.3
008 ------s1990----cs----------------------d
040 |a STU  |b slo 
041 0
044 |a cs 
080 |a 677.8.001.5 
100 1 |a Hodul, Pavol  |4 aut 
245 1 |a Ligníncelulózové suroviny a ich deriváty v oblasti textilného zošľachťovania /  |c [aut.]Hodul,Pavol 
260 |a Bratislava :  |b SVŠT v Bratislave,  |c 1990 
300 |a 164 s :  |b Tab.,grafy,lit 
996 |b CVS128  |c C*VS128  |l CCI  |s A  |a 24  |w stu16839_0001